Proyecto de tratado por el que se instituye un constitución para Europa: adoptado por consenso por la Convención Europea los días 13 de junio y 10 de julio de 2003, presentado al presidente del Consejo Europeo en Roma, 18 de julio de 2003

Guardat en:
Dades bibliogràfiques
Autor corporatiu: Comunidades Europeas (Autor)
Format: Llibre
Idioma:espanyol
Publicat: Luxemburgo Oficina de Publicaciones Oficiales de las Comunidades Europeas 2003
Matèries:
Etiquetes: Afegir etiqueta
Sense etiquetes, Sigues el primer a etiquetar aquest registre!

MARC

LEADER 00000nam a2200000 a 4500
001 UCL2989
003 CL-VaPUC
008 031114e20030000LU |||||||||||||||||spa|d
020 |a 9278401935 
082 0 4 |a 342.4  |b COM  |2 21 
110 2 |a Comunidades Europeas  |e author  |9 480227 
245 1 0 |a Proyecto de tratado por el que se instituye un constitución para Europa: adoptado por consenso por la Convención Europea los días 13 de junio y 10 de julio de 2003, presentado al presidente del Consejo Europeo en Roma, 18 de julio de 2003 
300 |a 341 p 
942 |c BK 
945 |d 20031114 00:00:00  |a rbrito 
260 |a Luxemburgo  |b Oficina de Publicaciones Oficiales de las Comunidades Europeas  |c 2003 
650 0 |a Constitución política  |9 336925 
650 0 |a Derecho constitucional   |9 222588 
651 0 |a Europa  |9 255156 
583 |a last modification  |c 20031114 00:00:00  |k Rodrigo Vera 
999 |c 306144  |d 306142 
952 |0 0  |1 0  |4 0  |6 342_400000000000000_COM_2003  |7 0  |8 A  |9 370907  |a BIBDER  |b BIBDER  |d 2019-11-21  |i 3958817  |o 342.4 COM 2003  |p 3958817  |r 2023-01-25  |w 2019-11-21  |y BK  |k DER 
952 |0 0  |1 0  |4 0  |6 342_400000000000000_COM_2003  |7 0  |8 A  |9 370908  |a BIBDER  |b BIBDER  |d 2019-11-21  |i 3958825  |o 342.4 COM 2003  |p 3958825  |r 2019-11-21  |w 2019-11-21  |y BK  |k DER